| 000 | 01877 a2200229 4500 | ||
|---|---|---|---|
| 001 | 36076 | ||
| 005 | 20260407155638.0 | ||
| 008 | 260407a2004 arg spa d | ||
| 003 | AR-UNSa-BCEJYS | ||
| 040 |
_aAR-UNSa-BCEJYS _bspa _cAR-UNSa-BCEJYS |
||
| 080 |
_a658.012.2 _xPlanificación. Programas. Planes. Medidas de apoyo a la planificación( Administración estratégica...) |
||
| 245 | 1 | 0 |
_aEstrategias para el liderazgo competitivo _pde la visión a los resultados |
| 020 | _a950-641-465-3 | ||
| 264 | 1 |
_aBuenos Aires : _bGranica _c2004 |
|
| 300 |
_a536 p. _c23 cm. |
||
| 505 | _aI. Estrategia y proceso: 1. El concepto de estrategia y el proceso de formación de la estrategia - 2. Un proceso formal de planificación estratégica - II. Estrategia de negocios: 3. Estrategia de negocios: los conceptos fundamentales - 4. La misión del negocio - 53. El examen del medio externo a nivel del negocio - 6. Evaluación interna a nivel del negocio - 7. La formulación de la estrategia del negocio - 8. Evaluación estratégica y económica de los méritos de una estrategia - III. Estrategia corporativa: 9. Estrategia corporativa: los conceptos esenciales - 10. Examen del medio externo a nivel corporativo - 11. La misión de la empresa - 12. Segmentación del negocio - 13. Estrategia horizontal - 14. Integración vertical - 15. Filosofía corporativa - 16. Postura estratégica de la empresa - 17. Asignación de recursos y gestión de la cartera de negocios - IV. Estrategia funcional: 18. Estrategia funcional: los conceptos esencial - 19. Estrategia de recursos humanos - 20. Estrategia tecnológica - 21. Estrategia de fabricación. | ||
| 942 | _cBK | ||
| 590 | _aniveau_biblio:m niveau_hierar:0 | ||
| 100 | 1 | _aHax, Arnaldo C. | |
| 700 | 1 | _aMajluf, Nicolas S. | |
| 856 | 4 | 1 |
_uhttps://biblioeco.unsa.edu.ar/pmb/images/libros/L87117.jpg _yImagen de portada _qimage/jpeg |
| 999 |
_c2607 _d2607 |
||